Derecho a la Alimentacin̤ Legislacin̤ y Polt̕icas Pb︢licas para su Garanta̕ /

Bibliographic Details
Main Author: Covartes, Liza
Other Authors: Guzmǹ, Jess︢, Trejo, Jaime
Format: eBook
Language:Spanish
Published: Ciudad de Mx̌ico: Cm̀ara de Diputados, 2009
Subjects:
Online Access:Acceso restringido

MARC

LEADER 00000nam a22000007a 4500
005 2018040300200.0
007 cr|||| ||||
008 180403s2009 mx |||||s||||f00||0 spa d
035 |a 21231 
040 |a vLex 
090 |c 7649  |d 7649 
100 1 |a Covartes, Liza 
245 1 0 |a Derecho a la Alimentacin̤  |h [Recurso electrn̤ico] :  |b Legislacin̤ y Polt̕icas Pb︢licas para su Garanta̕ /  |c Liza Covartes, Jess︢ Guzmǹ, Jaime Trejo 
256 |a Servicio en ln̕ea 
260 |a Ciudad de Mx̌ico:  |b Cm̀ara de Diputados,  |c 2009 
300 |a 1 recurso electrn̤ico 
506 1 |a Disponible solo en los productos indicados  |d vLex Global  |d vLex Global (Academic Edition, excluding Law Schools)  |d vLex Global (U.S. Academic Edition, Law Schools)  |d vLex Global (U.S. Academic Edition, excluding Law Schools)  |d vLex Global (Academic Edition, Law Schools) 
650 0 4 |a Derecho Civil  |z Mx̌ico 
700 1 |a Guzmǹ, Jess︢ 
700 1 |a Trejo, Jaime 
740 0 |a vLex Libros (Servicio en ln̕ea) 
856 4 0 |u http://vlex.com/source/derecho-alimentacion-legislacion-politicas-publicas-su-garantia-21231  |z Acceso restringido 
942 |c BOOK 
999 0 |a Civil Law